000 00505nam a2200169Ia 4500
005 20250923144512.0
008 008 250917s9999 xx 000 0 eng d
037 _aTextual
040 _aDSWL
_beng
_cDSWL
041 _aeng
_2eng
084 _qDSWL
245 0 _aSelected papers 76th annual meeting national conference of social work
_cby Social Work in the Current Scene
260 _aNew York
_b Columbia Univ Press
_c1950
300 _axii,392p.
942 _cTEXL
999 _c1439715
_d1439715